Les stades des clubs de Ligue 1 et Ligue 2 - Statistiques

Statistiques générales
  • Ce quiz a été pris 86 fois
  • Le résultat moyen est 19 sur 36
Statistiques - réponses
Club Capacité Stade % Correct
Paris Saint-Germain 48 229 Parc des Princes
99%
Olympique de Marseille 67 394 Orange Vélodrome
94%
AS Monaco 18 523 Louis-II
91%
Olympique Lyonnais 59 186 Groupama Stadium
86%
LOSC 50 187 Pierre-Mauroy
82%
RC Lens 38 223 Bollaert-Delelis
78%
OGC Nice 36 178 Allianz Riviera
74%
AS Saint-Étienne 42 000 Geoffroy-Guichard
74%
Montpellier HSC 22 000 Stade de la Mosson
73%
Toulouse FC 33 150 Stadium de Toulouse
73%
FC Nantes 35 322 La Beaujoire - Louis Fonteneau
71%
Stade brestois 15 220 Francis-Le Blé
69%
Stade rennais 29 194 Roazhon Park
67%
RC Strabourg 26 109 Stade de la Meinau
65%
EA Guingamp 19 060 Roudourou
64%
Girondins de Bordeaux 42 115 Matmut Atlantique
63%
Angers SCO 19 800 Raymond-Kopa
60%
AJ Auxerre 17 925 L'Abbé-Deschamps
59%
Amiens SC 13 000 La Licorne
56%
Le Havre AC 25 178 Océane
55%
Grenoble Foot 38 20 068 Stade des Alpes
54%
FC Metz 28 786 Saint-Symphorien
51%
Stade de Reims 20 519 Auguste-Delaune
50%
FC Lorient 16 787 Le Moustoir
47%
Paris FC 19 151 Charléty
46%
Clermont Foot 10 800 Gabriel-Montpied
38%
SM Caen 20 300 Michel d'Ornano
33%
FC Annecy 13 634 Parc des Sports d'Annecy
28%
Pau FC 3 859 Nouste Camp
27%
Red Star 5 600 Bauer
24%
Stade lavallois 11 107 Francis-Le-Basser
23%
SC Bastia 16 048 Armand-Cesari
19%
AC Ajaccio 8 470 Michel-Moretti
14%
Rodez AF 3 200 Paul-Lignon
14%
USL Dunkerque 4 934 Marcel-Tribut
10%
FC Martigues 8 289 Francis-Turcan
8%
Aucun quiz correspondant
Distribution des résultats
% des personnes avec chaque résultat
Percentile par nombre de réponses
Votre historique - résultats
Vous n’avez pas pris ce quiz